Cyber Defence in the Age of Al, Smart Societies and Augmented Humanity /

Salvato in:
Dettagli Bibliografici
Altri autori: Jahankhani, Hamid (Redattore), Kendzierskyj, Stefan (Redattore), Chelvachandran, Nishan (Redattore), Ibarra, Jaime (Redattore)
Natura: Libro
Lingua:inglese
Pubblicazione: Cham : Springer, 2020
Tags: Aggiungi Tag
Nessun Tag, puoi essere il primo ad aggiungerne!!

MARC

LEADER 00000nam a22000003a 4500
001 0087067
003 SK-STU
005 20210205102438.5
007 ta
008 210205s ----xo-----e------000-0-----d
020 |a 978-3-030-35745-0 
040 |a STU  |b slo 
041 0 |a eng 
044 |a sz 
100 1 |a Jahankhani, Hamid  |4 edt 
245 1 0 |a Cyber Defence in the Age of Al, Smart Societies and Augmented Humanity /  |c ed. Hamid Jahankhani ; ed. Stefan Kendzierskyj, Nishan Chelvachandran, Jaime Ibarra 
260 |a Cham :  |b Springer,  |c 2020 
300 |a 450 s. 
700 1 |a Kendzierskyj, Stefan  |r Z6  |4 edt 
700 1 |a Chelvachandran, Nishan  |r Z6  |4 edt 
700 1 |a Ibarra, Jaime  |r Z6  |4 edt 
996 |b 284EK90238  |c E* 90238  |l EE35  |s P  |a 0  |w 0087067_0001